Southville International School and Colleges
Your cart is empty.
  • Cart
  • Lists
    Public lists Eva Luna New books Lux_list list_1
    Your lists Log in to create your own lists
  • Log in to your account
  • Your cookies
  • Search history
Southville International School and Colleges
  • Advanced search
  • Recent comments
  • Most popular
  • Libraries

Log in to your account

Log in with GOOGLE


If you do not have an external account, but do have a local account, you can still log in:

  1. Home
  2. MARC view: Milestones in music education /
Normal view MARC view ISBD view

Milestones in music education / (Record no. 366505)

[ view plain ]
MARC details
000 -LEADER
fixed length control field 01971nam a22002297a 4500
003 - CONTROL NUMBER IDENTIFIER
control field 0
005 - DATE AND TIME OF LATEST TRANSACTION
control field 20241011095416.0
008 - FIXED-LENGTH DATA ELEMENTS--GENERAL INFORMATION
fixed length control field 241011b xxu||||| |||| 00| 0 eng d
020 ## - INTERNATIONAL STANDARD BOOK NUMBER
International Standard Book Number 9781032157931
050 ## - LIBRARY OF CONGRESS CALL NUMBER
Classification number MT 1
Item number .M55 2024
245 ## - TITLE STATEMENT
Title Milestones in music education /
Statement of responsibility, etc edited by Clint Randles.
260 ## - PUBLICATION, DISTRIBUTION, ETC. (IMPRINT)
Place of publication, distribution, etc New York :
Name of publisher, distributor, etc Routledge,
Date of publication, distribution, etc 2023.
300 ## - PHYSICAL DESCRIPTION
Extent xxi, 256 p. :
Other physical details ill. ;
Dimensions 22 cm.
490 ## - SERIES STATEMENT
Series statement Milestones.
504 ## - BIBLIOGRAPHY, ETC. NOTE
Bibliography, etc Includes index.
520 ## - SUMMARY, ETC.
Summary, etc "In ten concise chapters, Milestones in Music Education introduces the key developments and issues that have shaped the field of music education. Designed for undergraduate students, each chapter of the book is written by a different expert, bringing together many leading voices in the field. The ten chosen milestones represent breakthroughs in the field of music education that are relevant to today's educators, and enable teachers to understand the issues that have shaped the teaching of music over time. Topics covered include the origins of music education as a school subject, the impact of changing technology, the roles of popular music and notation, and racial justice in the music classroom. Featuring action suggestions and discussion questions in each chapter, this accessible book provides students with a foundation in the history and context of music education, and prepares them to engage with the social and philosophical aspects of teaching music as forward-thinking educators. Milestones are a range of accessible textbooks, breaking down the need-to-know moments in the social, cultural, political and artistic development of foundational subject areas. This book is ideal for undergraduate courses in music education"-- Provided by publisher.
650 ## - SUBJECT ADDED ENTRY--TOPICAL TERM
Topical term or geographic name as entry element Music
Form subdivision Instruction and study
General subdivision History.
650 ## - SUBJECT ADDED ENTRY--TOPICAL TERM
Topical term or geographic name as entry element Music
Form subdivision Instruction and study
General subdivision Social aspects.
650 ## - SUBJECT ADDED ENTRY--TOPICAL TERM
Topical term or geographic name as entry element Music
Form subdivision Instruction and study
General subdivision Political aspects.
700 ## - ADDED ENTRY--PERSONAL NAME
Personal name Randles, Clint,
Relator term editor.
942 ## - ADDED ENTRY ELEMENTS (KOHA)
Source of classification or shelving scheme Library of Congress Classification
Koha item type Books
Holdings
Withdrawn status Lost status Source of classification or shelving scheme Damaged status Home library Current library Shelving location Date acquired Source of acquisition Sub Shelving location Total Checkouts Full call number Barcode Date last seen Price effective from Koha item type
    Library of Congress Classification   College Library College Library Reserve Section 10/11/2024 Library Fund     MT 1 .M55 2024 C23779 10/11/2024 10/11/2024 Books

Milestones in music education /

APA

Randles C., . (2023). Milestones in music education. New York: Routledge.

Chicago

Randles Clint, . 2023. Milestones in music education. New York: Routledge.

Harvard

Randles C., . (2023). Milestones in music education. New York: Routledge.

MLA

Randles Clint, . Milestones in music education. New York: Routledge. 2023.

  • Place hold
  • Print
  • Cite
  • Add to your cart (remove)
  • Save record
    BIBTEX Dublin Core MARCXML MARC (non-Unicode/MARC-8) MARC (Unicode/UTF-8) MARC (Unicode/UTF-8, Standard) MODS (XML) RIS
  • More searches
    Search for this title in:
    Other Libraries (WorldCat) Other Databases (Google Scholar) Online Stores (Bookfinder.com) Open Library (openlibrary.org)

Exporting to Dublin Core...

SOUTHVILLE LIBRARY

Southville International School and Colleges Library

1281 Tropical Ave. Cor. Luxembourg St., BF Homes International, Las Pinas City

Tel. No. 8256374 / 252358 Loc. 117/146

Powered by Koha